| 000 | 00382 a2200145 4500 | ||
|---|---|---|---|
| 001 | 169343 | ||
| 020 | _a | ||
| 040 | _cMagnum | ||
| 100 | _aAgencia Regional de Noticias | ||
| 240 | 1 | 0 |
_aClipping em educacao - 03/07/00 a 09/07/00 - ano i - nº 46 _lpor |
| 245 | 1 | 0 | _aClipping em educacao - 03/07/00 a 09/07/00 - ano i - nº 46 |
| 362 | 0 | _a1899 | |
| 697 | _aENSINO | ||
| 942 | _cBK | ||
| 999 |
_c169343 _d169343 |
||